Nommez un mot de 5 lettres contenant chaque lettre A-Z - Statistiques

Statistiques générales
  • Ce quiz a été pris 66 955 fois
  • Le résultat moyen est 180 sur 622
Statistiques - réponses
Initiale Contient # Possible Exemple Mots % Correct
A A 531 avoir
93%
A E 269 aller
85%
A R 159 avoir
85%
B B 585 boire
84%
C C 666 comme
84%
B E 300 boire
80%
C E 318 comme
78%
F F 417 faire
75%
P P 625 petit
75%
C A 357 cause
74%
M M 472 merci
74%
A B 46 arbre
73%
D D 384 droit
73%
B A 263 balle
71%
P E 346 petit
71%
T T 532 temps
71%
L L 416 leurs
70%
S S 595 salut
69%
D E 220 dîner
68%
F E 232 faire
68%
G G 407 grand
68%
J J 163 juste
68%
V V 272 venir
68%
C R 194 chéri
67%
F R 136 faire
67%
M E 248 merci
67%
R R 508 reste
67%
V E 175 venir
67%
A I 183 avoir
66%
C S 196 corps
66%
H H 225 homme
66%
B I 200 boire
65%
B O 175 boire
65%
M A 228 matin
65%
T E 259 temps
65%
C H 91 chéri
64%
C I 176 chéri
64%
E E 319 elles
64%
J E 88 juste
64%
L E 229 leurs
64%
R E 294 reste
64%
C O 232 comme
63%
B L 109 balle
62%
B U 155 bruit
62%
F I 155 faire
62%
N N 219 notre
62%
P I 214 petit
62%
P R 160 payer
62%
S E 279 suite
62%
A S 177 alors
61%
B R 157 boire
61%
C N 97 chien
61%
F A 180 faire
61%
H E 115 homme
61%
J U 75 juste
61%
M N 100 monde
61%
P S 205 poser
61%
G E 226 genre
60%
P A 293 payer
60%
P O 191 porte
60%
Z Z 55 zèbre
60%
G A 209 grand
59%
T R 173 tenir
59%
A O 100 avoir
58%
B S 189 basse
58%
C T 122 cette
58%
O O 192 ouais
58%
T A 283 train
58%
G R 134 grand
57%
J O 51 jouer
57%
L I 163 livre
57%
N E 121 notre
57%
V I 119 venir
57%
A L 119 aller
56%
D A 161 danse
56%
D O 135 droit
56%
D S 119 danse
56%
M I 172 merci
56%
C U 133 celui
55%
D I 138 droit
55%
K K 118 koala
55%
O E 113 ordre
55%
P T 149 petit
55%
Z E 26 zèbre
55%
A N 125 avant
54%
L A 203 laver
54%
M S 165 moins
54%
R S 158 reste
54%
S A 289 salut
54%
S U 167 salut
54%
T S 168 temps
54%
M O 140 monde
53%
P L 135 place
53%
S O 152 sœur
53%
T I 178 tenir
53%
V R 68 venir
53%
A M 75 aimer
52%
A T 108 autre
52%
B N 95 blanc
52%
L S 144 leurs
52%
R O 135 route
52%
S R 129 super
52%
T O 152 trois
52%
W W 27 wagon
52%
A V 40 avoir
51%
C L 134 celui
51%
D T 84 droit
51%
F L 110 fille
51%
F S 132 fusée
51%
H A 129 habit
51%
I I 130 idiot
51%
J A 81 jambe
51%
L R 88 leurs
51%
M R 116 merci
51%
P U 129 pause
51%
V O 74 voilà
51%
W A 12 wagon
51%
Z B 8 zèbre
51%
A C 66 aucun
50%
A U 93 aussi
50%
B T 128 bruit
50%
D N 72 dîner
50%
D R 96 droit
50%
F O 110 façon
50%
J S 59 juste
50%
K A 66 koala
50%
R A 247 rater
50%
S I 198 suite
50%
T U 112 toute
50%
Z R 11 zèbre
50%
E T 94 entre
49%
F U 113 faute
49%
L O 121 loupe
49%
L U 90 leurs
49%
Q Q 27 quand
49%
Q U 25 quand
49%
R U 122 route
49%
V S 90 viser
49%
W G 4 wagon
49%
W N 4 wagon
49%
W O 3 wagon
49%
B C 37 blanc
48%
G N 72 grand
47%
L N 54 ligne
47%
N I 80 niche
47%
N O 84 notre
47%
V A 111 voilà
47%
V L 65 voilà
47%
E S 80 elles
46%
H U 58 heure
46%
J R 29 jouer
46%
O R 68 ordre
46%
D U 100 début
45%
E R 68 entre
45%
F N 76 finir
45%
H O 56 homme
45%
M T 114 matin
45%
N A 113 néant
45%
N R 44 notre
45%
S L 105 salut
45%
S T 138 salut
45%
V T 62 vingt
45%
C D 48 chaud
44%
E A 127 exact
44%
F T 87 faute
44%
G S 110 gosse
44%
R I 198 radio
44%
F C 32 façon
43%
P N 129 plein
43%
G O 115 gosse
42%
H R 57 heure
42%
N S 74 nasal
42%
U U 56 union
42%
A D 49 aider
41%
A G 56 agent
41%
A P 40 après
41%
C B 39 crabe
41%
E I 113 enfin
41%
E L 76 elles
41%
E N 60 entre
41%
G D 33 grand
41%
H I 58 habit
41%
I E 61 idées
41%
J N 27 jeune
41%
K L 15 koala
41%
K O 33 koala
41%
L P 30 loupe
41%
O S 72 ouais
41%
R T 107 reste
41%
T L 68 table
41%
B D 50 bande
40%
B G 44 belge
40%
G I 104 gamin
40%
O U 39 ouais
40%
Q A 13 quand
40%
T N 102 tenir
40%
V N 48 venir
40%
I S 49 issue
39%
J I 27 jeudi
39%
L V 32 livre
39%
M L 71 melon
39%
M U 119 mieux
39%
C P 67 corps
38%
D M 36 drame
38%
E C 65 école
38%
J T 37 juste
38%
N U 41 neveu
38%
R G 38 rouge
38%
R N 75 renne
38%
S N 101 sinon
38%
U E 29 usage
38%
C M 49 comme
37%
G L 90 glace
37%
G U 89 guêpe
37%
H T 50 hôtel
37%
K S 52 kyste
37%
T B 27 table
37%
A H 26 achat
36%
D G 24 doigt
36%
H B 11 habit
36%
K I 44 kiwis
36%
O I 66 ouais
36%
O L 29 oncle
36%
P C 55 place
36%
V U 48 vieux
36%
Y Y 27 youpi
36%
B H 20 biche
35%
F M 32 femme
35%
H C 13 haché
35%
L M 36 larme
35%
S C 74 scène
35%
D C 37 douce
34%
M G 29 magie
34%
O A 62 ouais
34%
U I 19 union
34%
Z S 19 zeste
34%
G T 67 géant
33%
I O 43 idiot
33%
L T 80 liste
33%
M C 31 merci
33%
N T 35 notre
33%
P D 32 panda
33%
B F 18 bœuf
32%
F D 28 froid
32%
H L 38 hôtel
32%
P M 35 parmi
32%
Q E 9 queue
32%
R L 63 règle
32%
U N 23 union
32%
C V 38 civil
31%
H S 67 héros
31%
I D 25 idiot
31%
L G 43 ligne
31%
T C 38 tâche
31%
A Z 26 assez
30%
B V 17 bravo
30%
C F 11 clefs
30%
C G 21 congé
30%
D L 50 drôle
30%
G C 13 grâce
30%
L C 38 lycée
30%
R D 62 radio
30%
S B 31 sabre
30%
S P 73 super
30%
V C 17 voici
30%
Y S 18 yétis
30%
B M 32 bombe
29%
E O 53 école
29%
F B 4 fibre
29%
I N 52 icone
29%
L D 23 lourd
29%
M D 28 monde
29%
O N 46 oncle
29%
Q N 7 quand
29%
R C 46 riche
29%
T P 58 temps
29%
U S 32 usine
29%
E U 64 ennui
28%
M H 17 moche
28%
N G 11 neige
28%
O G 15 ongle
28%
O T 53 objet
28%
Q D 3 quand
28%
Q T 9 quota
28%
R B 37 robot
28%
S G 30 signe
28%
D B 14 début
27%
F G 19 figue
27%
I A 39 image
27%
I L 24 idole
27%
I R 27 impur
27%
O B 23 obéir
27%
U R 16 usure
27%
V G 20 vingt
27%
C X 19 choix
26%
H M 18 homme
26%
I T 29 idiot
26%
J P 13 jupes
26%
L B 28 libre
26%
P H 27 photo
26%
Q S 5 quels
26%
R M 43 rhume
26%
S D 31 stade
26%
T M 38 temps
26%
V H 3 vache
26%
Y A 14 yacht
26%
A X 19 axial
25%
D P 26 dépôt
25%
E P 47 époux
25%
E V 22 envie
25%
J L 20 jolie
25%
N C 22 niche
25%
N L 27 noble
25%
O V 18 olive
25%
R H 25 riche
25%
T G 25 tango
25%
A J 6 ajout
24%
D V 23 divin
24%
E F 10 enfin
24%
F H 14 fiche
24%
G B 25 globe
24%
G F 13 gaffe
24%
G M 33 gamin
24%
H N 32 honte
24%
I M 22 image
24%
J D 13 jeudi
24%
O C 19 oncle
24%
P G 32 plage
24%
S H 42 sushi
24%
S V 23 slave
24%
Z I 18 zincs
24%
Z O 22 zones
24%
B J 5 bijou
23%
B Z 33 bazar
23%
C Q 3 coque
23%
E G 26 égaux
23%
T H 27 tâche
23%
U T 9 untel
23%
Y C 3 yacht
23%
B Q 7 bique
22%
B X 13 beaux
22%
D Z 16 douze
22%
E B 12 ébène
22%
G V 17 grave
22%
O D 15 ordre
22%
U L 13 untel
22%
V D 18 vendu
22%
Y O 11 youpi
22%
E M 48 émail
21%
I G 11 image
21%
J B 6 jambe
21%
K E 40 kebab
21%
K Y 8 kyste
21%
L H 18 lâche
21%
O F 5 œufs
21%
R P 47 rampe
21%
R V 31 rêver
21%
S M 61 sympa
21%
T D 24 tordu
21%
X E 5 xénon
21%
X X 10 xénon
21%
E D 31 étude
20%
E H 20 échec
20%
K W 4 kiwis
20%
Q L 3 quels
20%
Z A 27 zumba
20%
A F 9 actif
19%
C Z 24 colza
19%
D H 13 duché
19%
G H 6 gâché
19%
G Z 30 gazon
19%
H P 18 hyper
19%
J M 8 jambe
19%
N H 5 niche
19%
P Q 6 pique
19%
Q R 3 quark
19%
V X 11 vieux
19%
E X 26 exact
18%
N M 17 norme
18%
N P 9 nappe
18%
N V 23 neveu
18%
O M 18 ombre
18%
O P 16 opéra
18%
S X 22 sexes
18%
S Y 19 sympa
18%
S Z 19 soyez
18%
T Q 7 toque
18%
U A 25 usage
18%
V Z 16 vizir
18%
B P 9 biper
17%
F V 4 fauve
17%
H Y 15 husky
17%
J G 10 juger
17%
J Z 11 jouez
17%
L Q 3 laqué
17%
L Z 30 lavez
17%
N B 15 noble
17%
N Z 13 nagez
17%
P Z 24 pizza
17%
R F 17 refus
17%
X N 2 xénon
17%
X O 4 xénon
17%
Z U 8 zébus
17%
C K 11 check
16%
F P 6 fripé
16%
F X 24 fixer
16%
F Z 16 ferez
16%
H V 17 hiver
16%
I U 26 issue
16%
M V 4 mauve
16%
P B 7 plomb
16%
Q I 12 quais
16%
R Q 4 roque
16%
R Z 27 ratez
16%
S F 27 staff
16%
V B 5 verbe
16%
Y K 5 yacks
16%
Y T 2 yacht
16%
Z N 17 zones
16%
B Y 25 boyau
15%
C J 4 cajou
15%
G P 14 guêpe
15%
H D 17 horde
15%
J C 14 juche
15%
L Y 31 lycée
15%
M Q 6 moqué
15%
M Z 27 misez
15%
N Q 4 nuque
15%
P F 18 plouf
15%
P V 16 privé
15%
P Y 23 payer
15%
T F 15 tarif
15%
T X 18 texte
15%
T Z 22 tirez
15%
C Y 22 cycle
14%
D F 10 datif
14%
I V 3 ivres
14%
K P 7 kappa
14%
K R 26 karma
14%
K T 24 kyste
14%
M X 12 mieux
14%
N F 9 natif
14%
N Y 10 noyau
14%
R Y 15 rayon
14%
S Q 4 squat
14%
V M 12 vomir
14%
W S 15 watts
14%
A Y 17 ayant
13%
L X 13 latex
13%
M Y 24 moyen
13%
N D 10 nœud
13%
S K 35 steak
13%
Y H 1 yacht
13%
Z M 9 zumba
13%
A Q 3 arqué
12%
F Y 10 foyer
12%
I C 10 icône
12%
M F 15 motif
12%
P X 12 pixel
12%
V Q 2 vaque
12%
B K 15 beurk
11%
D X 7 dixit
11%
E Z 8 étiez
11%
H Z 10 hertz
11%
I B 7 ibère
11%
O Q 2 orque
11%
R X 6 remix
11%
V P 6 vespa
11%
V Y 5 voyou
11%
Y E 8 yodel
11%
Y I 3 youpi
11%
Z T 5 zeste
11%
F K 7 fakir
10%
J K 8 joker
10%
J V 4 javel
10%
O Z 10 ozone
10%
W T 3 watts
10%
X S 4 xérès
10%
Z L 5 zélés
10%
Z P 4 zippé
10%
D K 11 docks
9%
D Y 13 doyen
9%
E J 4 enjeu
9%
I P 9 impôt
9%
J Q 1 jaque
9%
K F 18 kraft
9%
M P 5 myope
9%
P K 14 poker
9%
S J 3 sujet
9%
T V 4 trêve
9%
T Y 20 tyran
9%
U G 4 usage
9%
U O 3 union
9%
X R 2 xérès
9%
D Q 2 duque
8%
J F 1 juifs
8%
J H 3 jihad
8%
J Y 6 joyau
8%
Q O 3 quota
8%
R K 9 rocks
8%
T K 17 tanks
8%
Y G 3 yogis
8%
Y U 6 youpi
8%
Z C 1 zincs
8%
Z K 6 zouks
8%
D J 4 djeun
7%
H K 12 husky
7%
I Z 3 iriez
7%
K B 7 kebab
7%
K D 6 kurde
7%
K H 12 khmer
7%
K N 21 kanak
7%
L F 14 lofts
7%
M K 7 marks
7%
W E 7 weber
7%
W I 10 wikis
7%
C W 4 clown
6%
E Q 1 équin
6%
G K 6 gecko
6%
I F 5 infos
6%
I X 15 index
6%
K C 9 krach
6%
K M 9 karma
6%
K U 11 kurde
6%
L K 12 liker
6%
M J 4 major
6%
O X 5 oxydé
6%
O Y 10 oxydé
6%
Q K 2 quark
6%
R J 5 rejet
6%
S W 10 sweat
6%
U B 5 uzbek
6%
U Z 2 uzbek
6%
V F 3 votif
6%
W F 4 wolof
6%
W L 4 wales
6%
W R 4 weber
6%
Y D 4 yodel
6%
Y L 6 yodel
6%
Y P 2 youpi
6%
A K 7 ankhs
5%
A W 3 awalé
5%
E Y 8 égayé
5%
G X 2 gueux
5%
G Y 16 gypse
5%
M B 3 mambo
5%
N J 2 ninja
5%
O K 2 okapi
5%
Q C 1 quick
5%
U V 7 uvule
5%
W H 8 wharf
5%
Y N 2 yuans
5%
F J 4 fjord
4%
G J 5 ganja
4%
O H 2 ouche
4%
O J 1 objet
4%
Q X 1 queux
4%
T W 6 tweet
4%
W P 3 wraps
4%
X A 3 xhosa
4%
Y R 2 yards
4%
Z G 1 zigue
4%
F W 2 fatwa
3%
H F 2 hâtif
3%
H J 4 hijab
3%
I H 3 ithos
3%
K Z 3 kifez
3%
U C 1 ubacs
3%
U K 2 uzbek
3%
U M 4 uléma
3%
V K 1 vodka
3%
W B 1 weber
3%
W K 2 wikis
3%
W U 3 waouh
3%
X G 1 xiang
3%
X H 2 xhosa
3%
X I 3 xiang
3%
X L 2 xylol
3%
X T 1 xyste
3%
X U 1 xérus
3%
X Y 2 xyste
3%
Y Z 1 yuzus
3%
Z Y 1 zloty
3%
B W 2 biwas
2%
D W 3 diwan
2%
E W 1 éwées
2%
G W 3 gwerz
2%
H X 2 hapax
2%
I W 1 iwans
2%
K G 3 kongo
2%
K J 2 kanji
2%
K V 2 kivas
2%
N K 3 nakfa
2%
N X 1 nixes
2%
P J 4 projo
2%
Q B 2 qubit
2%
Q P 2 quipu
2%
U D 1 urdus
2%
U F 1 unifs
2%
U X 2 uvaux
2%
W C 1 winch
2%
W D 2 wedge
2%
W M 2 würms
2%
W Q 1 waqfs
2%
W X 1 wimax
2%
W Z 1 wenze
2%
X M 2 xalam
2%
X P 1 xipho
2%
Y B 2 yamba
2%
Y M 1 yamba
2%
Y W 1 yawls
2%
Z D 3 zoïde
2%
E K 1 esker
1%
F Q 1 fiqhs
1%
H G 1 hogan
1%
I K 3 inuks
1%
I Y 1 inlay
1%
K X 1 kylix
1%
P W 1 pilaw
1%
Q G 1 qings
1%
T J 4 tjäle
1%
U H 1 uhlan
1%
Aucun quiz correspondant
Distribution des résultats
% des personnes avec chaque résultat
Percentile par nombre de réponses
Votre historique - résultats
Vous n’avez pas pris ce quiz